000
00458nam a2200133Ia 4500
008
100328s9999 xx 000 0 und d
082
_b
28289
100
_a
यादवाडकर प्रकाश
245
_a
पती,पत्नी आणि पत्नी
260
_b
मनमोहिनी
630
_a
पती,पत्नी आणि पत्नी
730
_a
पती,पत्नी आणि पत्नी
942
_c
BOOK
999
_c
519789
_d
519786